LEADER 01476nas 2200421 c 450 001 9910896172403321 005 20260218111102.0 035 $a(DE-599)ZDB3061134-9 035 $a(OCoLC)1246725158 035 $a(DE-101)123185474X 035 $a(CKB)4910000000550654 035 $a(DE-599)3061134-9 035 $a(EXLCZ)994910000000550654 100 $a20210420b20212021 |y | 101 0 $ager 135 $aur||||||||||| 181 $ctxt$2rdacontent 182 $cc$2rdamedia 183 $acr$2rdacarrier 200 00$a... Weltbericht zur Erwachsenenbildung$fUnited Nations Educational, Scientific and Cultural Organization ; UIL Unesco Institute for Lifelong Learning 210 31$aHamburg$cUNESCO-Institut fu?r Lebenslanges Lernen$d2021-2021 215 $aOnline-Ressource 300 $aGesehen am 01.10.24 606 $aErwachsenenbildung$3(DE-588)4015428-2$3https://d-nb.info/gnd/4015428-2$3(DE-101)040154289$9rswk-swf$2gnd 606 $aLebenslanges Lernen$3(DE-588)4134373-6$3https://d-nb.info/gnd/4134373-6$3(DE-101)041343735$9rswk-swf$2gnd 608 $aZeitschrift$2gnd-content 615 7$aErwachsenenbildung. 615 7$aLebenslanges Lernen. 676 $a370 712 02$aUNESCO$4isb 712 02$aUNESCO$bInstitute for Lifelong Learning$4isb 801 0$b0018 801 1$bDE-101 801 2$b9999 906 $aJOURNAL 912 $a9910896172403321 996 $aWeltbericht zur Erwachsenenbildung$94218305 997 $aUNINA